000
00328nam a2200145Ia 4500
008
230312s9999||||xx |||||||||||||| ||und||
082
_a
820
_b
SHA-H
100
_a
Shakespeare, William
245
0
_a
Hamlet
260
_b
Famous Products
_a
Pakistan
_c
2007
300
_a
471
546
_a
Eng.
650
_a
Literature
942
_c
BK
999
_c
6025
_d
6025